Ofulue and Anor v Bossert (Record no. 81369)

MARC details
000 -LEADER
fixed length control field 02134cab a22002535a 4500
001 - CONTROL NUMBER
control field L147059
008 - FIXED-LENGTH DATA ELEMENTS--GENERAL INFORMATION
fixed length control field 090327e20090311xxk f v 000 0 eng d
035 ## - SYSTEM CONTROL NUMBER
System control number (Sirsi) u147059
041 0# - LANGUAGE CODE
Language code of text/sound track or separate title eng
245 00 - TITLE STATEMENT
Title Ofulue and Anor v Bossert
Medium [electronic resource]
260 ## - PUBLICATION, DISTRIBUTION, ETC.
Date of publication, distribution, etc. 2009
520 ## - SUMMARY, ETC.
Summary, etc. [2009] UKHL 16, 11 March 2009. When a right to property has been breached, UK courts will take into account the law of the European Court of Human Rights. The appellants (O) appealed against a decision (see L143147) that the respondent (B) had acquired the freehold title of their property by adverse possession. Following the death of the defendant's father in 1966, B had been allowed to occupy the property as O's tenant. The defendants claimed that they had taken possession of the property in 1987 which the appellants knew of and did little to remove them from the property. The defendant claimed that the claimant's title was extinguished in 1999 due to adverse possession under the Limitation Act 1980 S15. At issue was the extent to which it was possible for one party to rely on a statement made by another party in without prejudice correspondence with a view to settling earlier proceedings; and whether the admission of title in the defence operated as a continuing acknowledgement for the purposes of the Act. Held: appeal dismissed. Without prejudice statements made remain inadmissible in subsequent proceedings except where it was unconnected with the proceedings at hand. Title to property barred by time of the issue of proceedings. Property register amended accordingly.
590 ## - LOCAL NOTE (RLIN)
Local note KA
650 24 - SUBJECT ADDED ENTRY--TOPICAL TERM
Topical term or geographic name entry element LIMITATION ACT 1980
650 24 - SUBJECT ADDED ENTRY--TOPICAL TERM
Topical term or geographic name entry element OFULUE AND ANOR V BOSSERT
650 24 - SUBJECT ADDED ENTRY--TOPICAL TERM
Topical term or geographic name entry element RUSH AND TOMPKINS LTD V GREATER LONDON COUNCIL AND ANOTHER
650 24 - SUBJECT ADDED ENTRY--TOPICAL TERM
Topical term or geographic name entry element UNILEVER PLC V PROCTOR AND GAMBLE CO
650 24 - SUBJECT ADDED ENTRY--TOPICAL TERM
Topical term or geographic name entry element MULLER V LINSLEY & MORTIMER
650 24 - SUBJECT ADDED ENTRY--TOPICAL TERM
Topical term or geographic name entry element BRADFORD & BINGLEY PLC V RASHID
651 #4 - SUBJECT ADDED ENTRY--GEOGRAPHIC NAME
Geographic name England and Wales
Chronological subdivision 1543-
690 ## - LOCAL SUBJECT ADDED ENTRY--TOPICAL TERM (OCLC, RLIN)
Topical term or geographic name as entry element PROPERTY-RESIDENTIAL PROPERTY-RESIDENTIAL LANDLORD AND TENANT
856 40 - ELECTRONIC LOCATION AND ACCESS
Uniform Resource Identifier <a href="https://www.bailii.org/uk/cases/UKHL/2009/16.html/">https://www.bailii.org/uk/cases/UKHL/2009/16.html/</a>
Public note View the report at www.bailii.org...
942 ## - ADDED ENTRY ELEMENTS (KOHA)
Suppress in OPAC 0
Holdings
Withdrawn status Lost status Source of classification or shelving scheme Damaged status Not for loan Home library Current library Shelving location Date acquired Total Checkouts Full call number Barcode Date last seen Copy number Price effective from Koha item type
    Dewey Decimal Classification     Virtual Virtual Online 27/03/2009   ONLINE PUBLICATION 147059-1001 06/08/2019 1 06/08/2019 Law report